000 00770nam a2200253 i 4500
003 DO-SdBNP
005 20231130132027.0
007 ta
008 110204s1989 dr 000 spa d
040 _aDO-SdBNP
_bspa
_cBNPHU
_erda
082 4 _222
_bM343
100 _aMarizán, Jaime Antonio
_924298
245 0 _aConsejos del alma /
_bJaime Antonio Marizán ; prólogo Ramón Tomás Aybar
250 _a3a ed.
264 1 _aSanto Domingo :
_bCorripio,
_c1989.
300 _a225 páginas
_bilustraciones
_c20 cm.
336 _2rdacontent
_atexto
_btxt
337 _2rdamedia
_asin mediación
_bn
338 _2rdacarrier
_avolumen
_bnc
590 _aInventariado, 2022/BT
700 1 _aAybar, Ramón Tomás
_eprólogo
_933728
910 _aBTavarez
942 _2ddc
_cLBS1
999 _c24275
_d24275